Statystyki dla Powiaty na literę Z

Kliknij tutaj aby rozwiązać quiz!

Ogólne statystyki

  • Ten quiz został rozwiązany 174 razy
  • Średni wynik to 11 z 14

Statystyki odpowiedzi

WojewództwoPowiat% Poprawnych
lubelskiezamojski
91%
podlaskiezambrowski
90%
śląskieZabrze
89%
lubelskieZamość
89%
lubuskiezielonogórski
87%
lubuskieZielona Góra
86%
śląskiezawierciański
84%
łódzkiezgierski
84%
dolnośląskiezłotoryjski
81%
dolnośląskiezgorzelecki
77%
łódzkiezduńskowolski
76%
wielkopolskiezłotowski
75%
dolnośląskieząbkowicki
70%
mazowieckiezwoleński
68%

Rozkład punktacji

Percentyl według liczby udzielonych odpowiedzi

Procent ludzi z każdym wynikiem

Twoja historia wyników

Nie rozwiązałeś tego quizu